00462nam a2200145Ia 4500008004100000100001900041245009400060245001900154260004700173260001400220300002500234500001400259650002300273650002000296170224s9999 xx 000 0 und d aJamie M. Litty aHow Real is Too Real for the Law? Realism versus Right of Publicity in Video Game Design  cJamie M. Litty bJournal of Broadcasting & Electronic Media cSeptember a60:3, Pages: 373-388 aSeptember xCommunication Arts xMultimedia Arts